| 000 | 01479cam a2200265 4500 | ||
|---|---|---|---|
| 001 | ABS64474 | ||
| 008 | 011004n2001 000 0 eng u | ||
| 035 | _a(Sirsi) u114993 | ||
| 100 | _aWard, R. | ||
| 245 | _aExclusion zones | ||
| 260 | _c2001 | ||
| 490 |
_aEstates Gazette _v(0139) 29 September 2001, 138(1) |
||
| 520 | _aThe second of two articles looking at how the Housing Grants, Construction and Regeneration Act 1996 affects typical property transactions. Focuses on exclusion orders. The Construction Contracts (England and Wales) Exclusion Order 1998 provides that four specific types of contracts are not construction contracts, and therefore not subject to the requirements of the Construction Act. Details these agreement types. Looks at the practical effect of the exclusion order on typical property transactions. Considers preletting agreements, tenant's building agreements, forward-sale agreements and leases. | ||
| 590 | _aABS | ||
| 650 | _aCONSTRUCTION CONTRACTS (ENGLAND AND WALES) EXCLUSION ORDER 1998 | ||
| 650 | _aEXCLUSION ORDERS | ||
| 650 | _aBUILT ENVIRONMENT-BUILDING CONTRACT FORMS | ||
| 650 | _aLEASES | ||
| 650 | _aPROPERTY TRANSACTIONS | ||
| 650 | _aMANAGEMENT-DISPUTE AVOIDANCE, MANAGEMENT AND RESOLUTION-DISPUTE MANAGEMENT AND RESOLUTION-ALTERNATIVE DISPUTE RESOLUTION-ADJUDICATION | ||
| 650 | _aPROPERTY TRANSACTIONS | ||
| 690 | _aBUILT ENVIRONMENT-BUILDING CONTRACT FORMS | ||
| 700 | _aWilliams, P.J.G. | ||
| 942 | _n0 | ||
| 999 |
_c68475 _d68475 |
||